000 00881nam a2200265 a 4500
001 BRCA_4699
005 20190320204753.0
008 011010s1935----mx-a######---#000-0#spa-#
041 _aspa
044 _amx
050 4 _aNK8214
_b.C67 1 1935
100 1 _aCortés, Antonio
_911919
245 1 0 _aHierros forjados
_cAntonio Cortés.
260 _aMéxico
_bTalleres Gráficos del Museo Nacional de Arqueología, Historia y Etnografía : SEP
_c1935
300 _axv, 166 p.
_bil., láminas
_c28 cm.
440 0 _aMonografías del Museo Nacional
_911920
500 _aEstado físico: Estampa desprendida de portada
500 _aEjemplar igual a D80
500 _aCFG25
504 _aBibliografía : p. iv
650 1 4 _aHierro forjado
_zMéxico
_911921
710 2 _aMuseo Nacional de Arqueología, Historia y Etnografía (México)
_911922
902 _aGFM
942 _2lcc
_cB
999 _c4399
_d4399